000 00612nam a2200229Ia 4500
005 20250425162152.0
008 250425s9999 xx 000 0 und d
020 _a8449422035
041 _aspa
043 _asp
082 _a669.0321
_pGIS
100 _aGispert, Carlos
_eeditor
245 0 _aGrandes enigmas de la Humanidad
_cCarlos Gispert
250 _aPrimera edición
260 _aBarcelona
_bOCEANO
_c2002
300 _a396 páginas
_bilustaciones
_c30 cm.
650 _aEnciclopedias
650 _aEnigmas de la Humanidad
902 _aMonográfico
_cImpreso
942 _c01
010 _a54166
999 _c223718
_d223718